Stade Rennais - Tous les joueurs (2010-2020) - Statistiques

Statistiques générales
  • Ce quiz a été pris 1 023 fois
  • Le résultat moyen est 37 sur 132
Statistiques - réponses
Saisons Nationalité Joueur Nb de matchs % Correct
2017-2020 France Benjamin Bourigeaud 96
86%
2017-2020 Mali Hamari Traoré 91
84%
2011-2017 France Benoît Costil 219
77%
2010-2018 France Romain Danzé 236
77%
2014-2019 Mozambique Mexer 120
73%
2019-2020 Sénégal Edouard Mendy 24
67%
2014-2019 France Benjamin André 154
66%
2018-2020 France Eduardo Camavinga 32
66%
2015-2016 France Ousmane Dembélé 26
65%
2018-2019 France Hatem Ben Arfa 26
62%
2018-2020 Sénégal M'Baye Niang 55
62%
2013-2017 Pologne Kamil Grosicki 81
60%
2017-2019 Tchéquie Tomas Koubek 67
59%
2018-2020 France Damien Da Silva 58
58%
2017-2019 Sénégal Ismaïla Sarr 59
58%
2016-2019 Algérie Ramy Bensebaini 79
58%
2013-2017 Cameroun Paul-Georges Ntep 74
55%
2015-2018 France Yoann Gourcuff 49
55%
2018-2020 France Clément Grenier 44
51%
2011-2014 Burkina Faso Jonathan Pitroipa 91
51%
2015-2019 Algérie Mehdi Zeffane 52
51%
2013-2016 Suède Ola Toivonen 46
49%
2019-2020 Brésil Raphinha 22
49%
2012-2015 Cameroun Jean II Makoun 59
48%
2017-2018 Tunisie Wahbi Khazri 24
47%
2013-2014, 2016-2020 France Adrien Hunou 104
46%
2014-2017 Suisse Gelson Fernandes 93
46%
2013-2017 France Sylvain Armand 103
45%
2019-2020 Madagascar Jérémy Morel 21
44%
2015-2016 Colombie Juan Fernando Quintero 12
42%
2014-2015, 2016-2018 Bosnie-Herzégovine Sanjin Prcic 61
39%
2011-2012, 2015-2016, 2017-2019 Sénégal Abdoulaye Diallo 17
38%
2015-2018, 2019-2020 France Joris Gnagnon 89
38%
2011-2014 France Julien Féret 88
38%
2014-2017 Brésil Pedro Henrique 69
38%
2012-2014 France Romain Alessandrini 49
38%
2012-2014 Guinée Sadio Diallo 36
38%
2015-2017 Côte d'Ivoire Giovanni Sio 68
37%
2011-2014 Turquie Mevlut Erding 48
37%
2016-2020 Cameroun James Léa Siliki 77
36%
2019-2020 France Romain Salin 4
35%
2010-2014 Cameroun Jean-Armel Kana-Biyik 113
34%
2019-2020 France Steven Nzonzi 5
34%
2010-2013 France Yann M'Vila 91
34%
2012-2016 France Abdoulaye Doucouré 75
33%
2019-2020 France Flavien Tait 17
33%
2010-2011 France Nicolas Douchez 37
32%
2017-2020 France Jérémy Gelin 64
31%
2018-2020 Etats-Unis Jordan Siebatcheu 29
30%
2012-2015 Norvège Anders Konradsen 49
29%
2010-2011 Ghana Asamoah Gyan 3
29%
2019-2020 France Jonas Martin 3
29%
2017-2018, 2019-2020 France Faitout Maouassa 42
28%
2013-2014 Portugal Nélson Oliveira 30
28%
2010-2013 Colombie Victor Hugo Montano 71
28%
2018-2020 France Romain Del Castillo 50
27%
2015-2017 Afrique du Sud Kermit Erasmus 10
26%
2012-2013 France Alou Diarra 12
25%
2013-2016 Sénégal Cheikh M'Bengue 80
24%
2011-2014 Mali Fantamady Diarra 19
24%
2010-2012 Algérie Yacine Brahimi 39
24%
2014-2017 Centrafrique Habib Habibou 27
23%
2010-2014 Ghana John Boye 63
23%
2014-2015 Autriche Philipp Hosiner 12
23%
2015-2019 France Ludovic Baal 74
22%
2015-2017 Portugal Pedro Mendes 28
22%
2011-2015 France Vincent Pajot 84
22%
2010-2013 France Jirès Kembo Ekoko 56
21%
2017-2020 France Gerzino Nyamsi 15
20%
2010-2012 Sénégal Kader Mangane 42
20%
2013-2014 France Tiémoué Bakayoko 24
20%
2016-2017 France Clément Chantôme 7
19%
2016-2018 Rép. dém. du Congo Firmin Mubele 34
19%
2018-2019 Suède Jakob Johansson 16
19%
2010-2011 France Jérôme Leroy 34
19%
2010-2014 France Kévin Théophile-Catherine 94
19%
2014-2017 Albanie Ermir Lenjani 6
18%
2010-2011 France Fabien Lemoine 18
18%
2013-2014 Algérie Foued Kadir 28
18%
2012-2013 Sénégal Cheick N'Diaye 2
17%
2015-2019 France Nicolas Janvier 11
17%
2012-2017 France Steven Moreira 58
17%
2010-2012 Norvège Alexander Tettey 36
16%
2014-2015 Belgique Christian Brüls 9
16%
2011-2013 Nigeria Onyekachi Apam 23
16%
2019-2020 France Rafik Guitane 2
16%
2010-2011 France Rod Fanni 11
16%
2018-2020 Côte d'Ivoire Soulyeman Doumbia 8
16%
2010-2012 Mali Tongo Doumbia 44
16%
2019-2020 France Yann Gboho 8
16%
2015-2016 Côte d'Ivoire Jérémie Boga 27
15%
2016-2018 France Morgan Amalfitano 20
15%
2017-2018 Algérie Raïs M'Bolhi 1
15%
2018-2020 France Sacha Boey 6
15%
2013-2014, 2015-2017 France Wesley Saïd 32
15%
2016-2017 France Adama Diakhaby 25
14%
2017-2018 Espagne Brandon 11
14%
2012-2013 Ghana John Mensah 4
14%
2011-2012 Maroc Youssouf Hadji 23
14%
2017-2019 Sénégal Diafra Sakho 15
13%
2013-2014 Argentine Silvio Romero 11
13%
2010-2012 Guinée Abdoul Camara 26
12%
2017-2018 France Jordan Tell 6
12%
2019-2020 France Lucas Da Cunha 2
12%
2010-2011 France Sylvain Marveaux 10
12%
2016-2018 Portugal Afonso Figueiredo 10
11%
2011-2013 Rép. dém. du Congo Chris Mavinga 41
11%
2014-2016 Sénégal Fallou Diagne 37
11%
2010-2011 Guinée Ismaël Bangoura 4
11%
2010-2012 France Stéphane Dalmat 37
11%
2012-2013 France Axel Ngando 4
10%
2018-2019 France Denis-Will Poha 2
10%
2010-2011 France Johann Carrasso 1
10%
2015-2016 Mali Yacouba Sylla 20
10%
2013-2014 France Zana Allée 5
10%
2016-2017 France Dimitri Cavaré 2
9%
2011-2014 France Dimitri Foulquier 19
9%
2013-2014 Brésil Emerson 11
9%
2012-2013 Sénégal Abdoulaye Sané 15
8%
2013-2014 Bénin Cédric Hountondji 18
8%
2010-2011 Pays-Bas John Verhoek 7
8%
2010-2012 Togo Razak Boukari 38
8%
2015-2016 France Sébastien Salles-Lamonge 3
8%
2010-2014 Maroc Yassine Jebbour 14
8%
2010-2012 Cameroun Georges Mandjeck 34
7%
2016-2017 France Aldo Kalulu 10
6%
2012-2013 Rép. dém. du Congo Hérita Ilunga 5
4%
2010-2011 France Samuel Souprayen 16
3%
2010-2011 France Frank Julienne 1
2%
2012-2013 France Kévin Beauverger 1
2%
2018-2019 France Armand Laurentié 1
1%
2012-2013 Nigeria Ejike Uzoenyi 1
1%
Aucun quiz correspondant
Distribution des résultats
% des personnes avec chaque résultat
Percentile par nombre de réponses
Votre historique - résultats
Vous n’avez pas pris ce quiz